000 00425pab a2200169 454500
008 180718b2008 xxu||||| |||| 00| 0 eng d
100 _aMiles, Stephen A.
245 _a6 steps to (Re) building a top management team
260 _c2008
300 _ap.60-64.
362 _aFall
650 _aOrganizational change
700 _aBennett, Nathan
773 _aMIT Sloan Management Review
908 _aN
909 _a80136
999 _c80136
_d80136